| 000 | 01446nam a22003737a 4500 | ||
|---|---|---|---|
| 003 | BPGM | ||
| 008 | 260630b mx ||||| |||| 00| 0 spa d | ||
| 020 | _a978-607-7906-17-9 (OBRA COMPLETA) | ||
| 020 | _a978-607-7906-17-6 (V.6) | ||
| 040 | _bSPA | ||
| 041 |
_aSPA _hSPA |
||
| 082 | 0 | 4 |
_aCQ / 709.7245 _bC37 |
| 100 |
_aCRUZ PÉREZ, MIGUEL ANGEL _eCOORDINADOR |
||
| 110 | _aGOBIERNO DEL ESTADO DE QUERÉTARO | ||
| 245 |
_aCATÁLOGO CIEN AÑOS DE ARTE EN QUERÉTARO _bMÚSICA |
||
| 260 |
_aQUERÉTARO _bINSTITUTO QUERETANO DE LA CULTURA Y LAS ARTES _c2012 |
||
| 300 |
_a119 PÁGINAS _c28 CM X 21.5 CM |
||
| 336 |
_2rdacontent _atexto _btxt |
||
| 337 |
_2rdamedia _asin mediación _bn |
||
| 338 |
_2rdacarrier _avolumen _bnc |
||
| 490 | 0 |
_aCATÁLOGO _vV.6 |
|
| 505 | _aRECABA LA MEMORIA HISTÓRICA Y LA EVOLUCIÓN MUSICAL DEL ESTADO. LA OBRA DESTACA LOS PRINCIPALES APORTES CULTURALES A TRAVÉS DE LOS SIGLOS. | ||
| 650 | _2LAS ARTES BELLAS ARTES Y ARTES DECORATIVAS | ||
| 650 | _2TRATAMIENTO HISTÓRICO, GEOGRÁFICO, DE PERSONAS | ||
| 700 |
_aVÁZQUEZ VILLARRUEL, MANUEL _eFOTÓGRAFO |
||
| 700 |
_aAGUIRRE, IMELDA _eFOTÓGRAFA |
||
| 700 |
_aVALENCIA, RAMIRO _eFOTÓGRAFO |
||
| 700 |
_aMURILLO, EUNICE _eFOTÓGRAFA |
||
| 700 |
_aMALDONADO LUNA, MARÍA CRISTINA _eFOTÓGRAFA |
||
| 700 |
_aVEGA ADAME, SAMUEL _eFOTÓGRAFO |
||
| 700 |
_aALCOCER, GONZALO _eFOTÓGRAFO |
||
| 700 |
_aBECA SUQUET, ELENA _eFOTÓGRAFA |
||
| 942 |
_2ddc _cCOLQ |
||
| 999 |
_c68721 _d68721 |
||